Výber vhodnej formy podnikania pre startupy bakalárska práca

Gespeichert in:
Bibliographische Detailangaben
1. Verfasser: Kaprinay, Daniel
Körperschaft: Fakulta podnikového manažmentu EU. Katedra manažmentu
Weitere Verfasser: Bednár, Richard, 1985-
Format: Buch
Sprache:Slowakisch
Veröffentlicht: Bratislava 2022
Tags: Tag hinzufügen
Keine Tags, Fügen Sie das erste Tag hinzu!

MARC

LEADER 00000nbm a2200000 4500
001 0285397
005 20230221142329.7
041 0 |a slo 
044 |a SK 
245 1 0 |a Výber vhodnej formy podnikania pre startupy  |b bakalárska práca  |c Daniel Kaprinay ; školiteľ: Richard Bednár 
264 1 |a Bratislava  |c 2022 
300 |a 59 s. 
100 1 |a Kaprinay, Daniel 
700 1 |a Bednár, Richard, 1985- 
710 2 |a Fakulta podnikového manažmentu EU. Katedra manažmentu